| 000 | 00539nam a2200193 a 4500 | ||
|---|---|---|---|
| 005 | 20210219152659.0 | ||
| 008 | 991125s1975 mx 000 0 spa u | ||
| 035 | _aUPN01000058608 | ||
| 049 | _aCG | ||
| 050 | 4 |
_aPQ6613 A763 _bA8.88 1975 |
|
| 100 | 1 | _aAuclair, Marcelle | |
| 245 | 1 | 0 |
_aVida y muerte de García Lorca / _cMarcelle Auclair ; tr. Aitana Alberti. |
| 250 | _a2a ed. | ||
| 260 |
_aMéxico : _bEra, _c1975. |
||
| 300 | _a411 p. | ||
| 440 | 0 | _aBiblioteca Era | |
| 600 | 1 | 4 |
_aGARCIA LORCA, FEDERICO, _d1898-1936 |
| 905 | _aLibro | ||
| 999 |
_c58608 _d58608 |
||